[Event "ISR-chT"]
[Site "Israel"]
[Date "2025.03.01"]
[Round "10.2"]
[White "Dvoirys, Semen I"]
[Black "Aizenberg, Benny"]
[Result "0-1"]
[WhiteElo "2419"]
[BlackElo "2426"]
[PlyCount "52"]
[EventDate "2025.01.08"]
[EventType "team-tourn"]
[EventRounds "11"]
[EventCountry "ISR"]
[SourceTitle "CB12_2025"]
[SourceDate "2025.03.19"]
[SourceVersion "1"]
[SourceVersionDate "2025.03.19"]
[SourceQuality "1"]
[WhiteTeam "Beer Sheva II"]
[BlackTeam "Petach Tikva II"]
[WhiteTeamCountry "ISR"]
[BlackTeamCountry "ISR"]

1. e4 c5 2. Nf3 Nc6 3. d4 cxd4 4. Nxd4 Nf6 5. Nc3 e5 6. Ndb5 d6 7. Bg5 a6 8. Na3 b5 9. Bxf6 gxf6 10. Nd5 f5 11. c3 Bg7 12. exf5 Bxf5 13. Nc2 0-0 14. a4 Be6 15. g3 bxa4 16. Rxa4 Rb8 17. b4 Ne7 18. Nce3 e4 19. Ra3 Nxd5 20. Nxd5 Qg5 21. Nf4 a5 22. Nxe6 fxe6 23. Bh3 axb4 24. cxb4 Qb5 25. Bxe6+ Kh8 26. Rb3 Ra8 0-1

[Event "ISR-chT"]
[Site "Israel"]
[Date "2025.02.08"]
[Round "6.2"]
[White "Boruchovsky, Avital"]
[Black "Aizenberg, Benny"]
[Result "0-1"]
[WhiteElo "2522"]
[BlackElo "2433"]
[PlyCount "88"]
[EventDate "2025.01.08"]
[EventType "team-tourn"]
[EventRounds "11"]
[EventCountry "ISR"]
[SourceTitle "CB08_2025"]
[SourceDate "2025.02.19"]
[SourceVersion "1"]
[SourceVersionDate "2025.02.19"]
[SourceQuality "1"]
[WhiteTeam "Kfar Saba"]
[BlackTeam "Petach Tikva II"]
[WhiteTeamCountry "ISR"]
[BlackTeamCountry "ISR"]

1. e4 c5 2. Nf3 d6 3. Bb5+ Nd7 4. Ba4 Ngf6 5. 0-0 e6 6. d3 Be7 7. c4 0-0 8. Nc3 Ne5 9. Nxe5 dxe5 10. f4 exf4 11. Bxf4 Bd7 12. Bc2 Bc6 13. e5 Ne8 14. Kh1 g6 15. Ne2 Bg5 16. Qd2 Bxf4 17. Qxf4 Ng7 18. d4 cxd4 19. Nxd4 Rc8 20. Rad1 Qe7 21. a3 Nf5 22. Nxc6 Rxc6 23. b4 b6 24. g4 Ng7 25. Rd6 Rfc8 26. Bd3 Ne8 27. Rd4 R6c7 28. Be2 a5 29. Qd2 axb4 30. axb4 Ra8 31. Bf3 Ra3 32. b5 Rca7 33. Rd8 Kg7 34. Bc6 Ra2 35. Qd3 Qh4 36. Bg2 Rxg2 37. Kxg2 Ra2+ 38. Kf3 Qh3+ 39. Ke4 Qxg4+ 40. Ke3 Qg5+ 41. Ke4 Rxh2 42. Rf4 f5+ 43. exf6+ Nxf6+ 44. Rxf6 Rh4+ 0-1

[Event "ISR-chT"]
[Site "Israel"]
[Date "2025.01.18"]
[Round "4.1"]
[White "Aizenberg, Benny"]
[Black "Tifferet, Shaked"]
[Result "1-0"]
[WhiteElo "2433"]
[BlackElo "2286"]
[PlyCount "73"]
[EventDate "2025.01.08"]
[EventType "team-tourn"]
[EventRounds "11"]
[EventCountry "ISR"]
[SourceTitle "CB08_2025"]
[SourceDate "2025.02.19"]
[SourceVersion "1"]
[SourceVersionDate "2025.02.19"]
[SourceQuality "1"]
[WhiteTeam "Petach Tikva II"]
[BlackTeam "Netanya"]
[WhiteTeamCountry "ISR"]
[BlackTeamCountry "ISR"]

1. e4 e5 2. Nf3 Nc6 3. Bb5 a6 4. Ba4 Nf6 5. 0-0 Be7 6. Re1 b5 7. Bb3 d6 8. c3 0-0 9. h3 Bb7 10. d4 Re8 11. Ng5 Rf8 12. Nf3 Re8 13. Nbd2 Bf8 14. a4 Na5 15. Bc2 exd4 16. cxd4 b4 17. b3 g6 18. Bb2 Bg7 19. Bd3 Nd7 20. Qc2 d5 21. Rac1 dxe4 22. Bxe4 Bxe4 23. Nxe4 Nf6 24. Nxf6+ Qxf6 25. Re5 Rxe5 26. dxe5 Qd8 27. e6 Bxb2 28. exf7+ Kxf7 29. Qxb2 Qd6 30. Ng5+ Kg8 31. Ne4 Qe7 32. Nf6+ Kf7 33. Nd5 Qd6 34. Rxc7+ Ke6 35. Qd4 Kf5 36. g4+ Kg5 37. Qe3+ 1-0

[Event "EU-ch Blitz"]
[Site "Skopje"]
[Date "2024.12.09"]
[Round "4"]
[White "Aizenberg, Benny"]
[Black "Peyrer, Konstantin"]
[Result "0-1"]
[WhiteElo "2425"]
[BlackElo "2440"]
[PlyCount "86"]
[EventDate "2024.12.09"]
[EventType "swiss (blitz)"]
[EventRounds "13"]
[EventCountry "MKD"]
[SourceTitle "CB50_2024"]
[SourceDate "2024.11.01"]
[SourceVersion "1"]
[SourceVersionDate "2024.11.01"]
[SourceQuality "2"]

1. e4 e5 2. Nf3 Nc6 3. Bb5 a6 4. Ba4 f5 5. d3 fxe4 6. dxe4 Nf6 7. Nc3 d6 8. h3 Be7 9. Bb3 Na5 10. Bg5 Nxb3 11. axb3 0-0 12. 0-0 Be6 13. Re1 Qe8 14. Bxf6 Bxf6 15. Nd5 Bd8 16. Nh2 Qg6 17. Qd3 c6 18. Nc3 Bb6 19. Re2 Rad8 20. Rf1 Rf4 21. Kh1 Bc8 22. f3 Bd4 23. Nd1 d5 24. Nf2 Bb6 25. exd5 Bf5 26. Qd2 Rxd5 27. Qc1 Qg3 28. Ne4 Qh4 29. g3 Rxe4 30. gxh4 Rxe2 31. Re1 Rxc2 32. Qg5 Bxh3 33. Ng4 Bg2+ 34. Kh2 Bxf3+ 35. Kg3 e4 36. Nf6+ Kf7 37. Nxd5 Rg2+ 38. Kf4 Rxg5 39. Nxb6 Rb5 40. Nc4 Kf6 41. Re3 g5+ 42. hxg5+ Rxg5 43. Nd6 Rg4# 0-1

[Event "EU-ch Rapid"]
[Site "Skopje"]
[Date "2024.12.08"]
[Round "9"]
[White "Aizenberg, Benny"]
[Black "Pichot, Alan"]
[Result "1/2-1/2"]
[WhiteElo "2425"]
[BlackElo "2637"]
[PlyCount "135"]
[EventDate "2024.12.07"]
[EventType "swiss (rapid)"]
[EventRounds "11"]
[EventCountry "MKD"]
[SourceTitle "CB50_2024"]
[SourceDate "2024.11.01"]
[SourceVersion "1"]
[SourceVersionDate "2024.11.01"]
[SourceQuality "2"]

1. e4 e5 2. Nf3 Nc6 3. Bb5 a6 4. Ba4 Nf6 5. 0-0 Be7 6. Re1 b5 7. Bb3 d6 8. c3 0-0 9. h3 Nb8 10. d4 Nbd7 11. Nbd2 Bb7 12. a4 c5 13. Bc2 Qc7 14. Bd3 cxd4 15. cxd4 exd4 16. axb5 Nc5 17. Bf1 axb5 18. Rxa8 Rxa8 19. Bxb5 d3 20. b4 Ncxe4 21. Nxe4 Bxe4 22. Bg5 d5 23. Bxf6 Bxb4 24. Nd2 gxf6 25. Nxe4 Bxe1 26. Nxf6+ Kh8 27. Qxe1 Qf4 28. Nxd5 d2 29. Qf1 Qe5 30. Ne3 Ra1 31. Be2 Re1 32. g3 f5 33. Kg2 Qe4+ 34. Bf3 d1Q 35. Nxd1 Qxf3+ 36. Kxf3 Rxf1 37. Ne3 Rh1 38. Kg2 Ra1 39. Nxf5 Kg8 40. Ne3 Kf7 41. f4 Ra3 42. Kf3 Kf6 43. g4 h6 44. Ke4 Ra4+ 45. Kf3 Ra3 46. h4 Ra5 47. Nc4 Rc5 48. Ne5 Ra5 49. Nc6 Ra6 50. Nd4 Ra5 51. Ke4 Rc5 52. Nf3 Rc4+ 53. Nd4 Rc5 54. h5 Rc4 55. Kd3 Ra4 56. Ke4 Rc4 57. Ke3 Rc3+ 58. Kf2 Rc4 59. Ke3 Rc3+ 60. Kf2 Rc4 61. Ne2 Ra4 62. Ke3 Ra3+ 63. Ke4 Ra4+ 64. Nd4 Rc4 65. Ke3 Rc3+ 66. Kf2 Rc4 67. Ke3 Rc3+ 68. Ke4 1/2-1/2

[Event "EU-ch Rapid"]
[Site "Skopje"]
[Date "2024.12.07"]
[Round "5"]
[White "Aizenberg, Benny"]
[Black "Martins, Diogo Faria Oliveir"]
[Result "1-0"]
[WhiteElo "2425"]
[BlackElo "1961"]
[PlyCount "63"]
[EventDate "2024.12.07"]
[EventType "swiss (rapid)"]
[EventRounds "11"]
[EventCountry "MKD"]
[SourceTitle "CB50_2024"]
[SourceDate "2024.11.01"]
[SourceVersion "1"]
[SourceVersionDate "2024.11.01"]
[SourceQuality "2"]

1. e4 c5 2. Nf3 g6 3. d4 cxd4 4. Nxd4 Nc6 5. c4 Nf6 6. Nc3 Nxd4 7. Qxd4 d6 8. Be3 Bg7 9. f3 0-0 10. Qd2 a5 11. b3 a4 12. b4 a3 13. Be2 Be6 14. Rc1 Qd7 15. 0-0 Rfc8 16. Nd5 Bxd5 17. exd5 Qa4 18. Rfe1 Nd7 19. c5 dxc5 20. bxc5 Qa5 21. Qxa5 Rxa5 22. c6 bxc6 23. dxc6 Nf6 24. Bb6 Re5 25. f4 Re6 26. Bf3 Rxe1+ 27. Rxe1 e6 28. c7 Nd5 29. Bxd5 exd5 30. Re7 Bf6 31. Rd7 Kg7 32. Rd8 1-0

[Event "EU-ch Rapid"]
[Site "Skopje"]
[Date "2024.12.07"]
[Round "6"]
[White "Dardha, Daniel"]
[Black "Aizenberg, Benny"]
[Result "1-0"]
[WhiteElo "2639"]
[BlackElo "2425"]
[PlyCount "83"]
[EventDate "2024.12.07"]
[EventType "swiss (rapid)"]
[EventRounds "11"]
[EventCountry "MKD"]
[SourceTitle "CB50_2024"]
[SourceDate "2024.11.01"]
[SourceVersion "1"]
[SourceVersionDate "2024.11.01"]
[SourceQuality "2"]

1. Nf3 c5 2. e3 g6 3. d4 Bg7 4. c4 cxd4 5. exd4 Nf6 6. d5 0-0 7. Nc3 d6 8. Be2 Bg4 9. Be3 Nbd7 10. Rc1 Rc8 11. b3 a6 12. 0-0 Bxf3 13. Bxf3 b5 14. cxb5 Qa5 15. bxa6 Qxa6 16. a4 Rxc3 17. Rxc3 Nxd5 18. Rd3 Nb4 19. Rd2 Bc3 20. Bh6 Bxd2 21. Bxf8 Bg5 22. Bxe7 Bxe7 23. Qe1 Qb6 24. Qxe7 Ne5 25. Qb7 Qc5 26. Qe4 Kg7 27. Qe3 Qc7 28. Rc1 Qd8 29. Be2 Nd5 30. Qd4 Qg5 31. Re1 Nf4 32. g3 Ne6 33. Qe3 Qd8 34. f4 Nd7 35. Bc4 Nef8 36. Qe7 Qb6+ 37. Kf1 Qc6 38. Qxf7+ Kh6 39. Qd5 Qb6 40. g4 Nc5 41. g5+ Kh5 42. Qf3+ 1-0

[Event "EU-ch 24th"]
[Site "Petrovac"]
[Date "2024.11.09"]
[Round "2"]
[White "Maurizzi, Marc Andria"]
[Black "Aizenberg, Benny"]
[Result "1-0"]
[WhiteElo "2585"]
[BlackElo "2427"]
[PlyCount "97"]
[EventDate "2024.11.08"]
[EventType "swiss"]
[EventRounds "11"]
[EventCountry "MNE"]
[SourceTitle "CB47_2024"]
[SourceDate "2024.11.20"]
[SourceVersion "1"]
[SourceVersionDate "2024.11.20"]
[SourceQuality "1"]

1. e4 c5 2. Nf3 e6 3. d4 cxd4 4. Nxd4 Nf6 5. Nc3 Nc6 6. Nxc6 bxc6 7. e5 Nd5 8. Ne4 Qc7 9. f4 Qb6 10. a3 f5 11. exf6 Nxf6 12. Nxf6+ gxf6 13. Qh5+ Kd8 14. Bd3 Ba6 15. Bd2 c5 16. Bc3 Bxd3 17. Bxf6+ Be7 18. Bxh8 Bxc2 19. 0-0 c4+ 20. Kh1 Qc6 21. Rae1 Kc7 22. Be5+ Kb7 23. Qf3 d5 24. Qg4 Bc5 25. Rc1 Be4 26. b4 cxb3 27. Bb2 Rc8 28. h3 Qd7 29. Rfe1 Rc6 30. Rc3 Bc2 31. f5 exf5 32. Qa4 Qc7 33. Qb5+ Qb6 34. Rxc5 Rxc5 35. Re7+ Ka8 36. Qd7 Qb8 37. Re8 Qxe8 38. Qxe8+ Kb7 39. Be5 Be4 40. Qe7+ Kc6 41. Qd6+ Kb5 42. Qd7+ Kb6 43. Bd4 b2 44. Bxc5+ Kxc5 45. Qc7+ Kd4 46. Qg7+ Ke3 47. Qxb2 d4 48. Kg1 d3 49. Qf2# 1-0

[Event "Ramat Gan Dov Porat Blitz op"]
[Site "Ramat Gan"]
[Date "2024.11.01"]
[Round "6"]
[White "Aizenberg, Benny"]
[Black "Ben Ari, Yannay"]
[Result "0-1"]
[WhiteElo "2427"]
[BlackElo "2441"]
[PlyCount "100"]
[EventDate "2024.11.01"]
[EventType "swiss (blitz)"]
[EventRounds "11"]
[EventCountry "ISR"]
[SourceTitle "CB45_2024"]
[Source "ChessBase"]
[SourceDate "2024.11.06"]
[SourceVersion "1"]
[SourceVersionDate "2024.11.06"]
[SourceQuality "1"]

1. e4 d5 2. exd5 Qxd5 3. Nc3 Qd6 4. d4 Nf6 5. Nf3 g6 6. Bc4 Bg7 7. 0-0 0-0 8. h3 a6 9. Re1 b5 10. Bb3 Nc6 11. a4 b4 12. Ne2 Bb7 13. Bf4 Qd8 14. a5 e6 15. Qd2 Ne7 16. Ne5 Rb8 17. Bg5 Ne4 18. Bxe7 Nxd2 19. Bxd8 Rfxd8 20. Ba4 c5 21. Nd7 Rxd7 22. Bxd7 cxd4 23. Rad1 Nc4 24. b3 Nb2 25. Rd2 Rd8 26. Ba4 Rd5 27. Nf4 Rxa5 28. Bd7 d3 29. cxd3 Bc3 30. Ree2 Ra1+ 31. Kh2 Bxd2 32. Rxd2 Nd1 33. d4 Nc3 34. Ne2 Ne4 35. Rc2 Nxf2 36. Rc7 Bd5 37. Be8 e5 38. dxe5 Bxb3 39. Nd4 Bd5 40. e6 Bxe6 41. Nxe6 fxe6 42. Bf7+ Kg7 43. Bxe6+ Kf6 44. Bc4 Ke5 45. Rxh7 Rh1+ 46. Kg3 Ne4+ 47. Kf3 Nd2+ 48. Ke2 Nxc4 49. Rh4 Rc1 50. Kd3 b3 0-1

[Event "Fagernes Autumn op"]
[Site "Fagernes"]
[Date "2024.10.12"]
[Round "8"]
[White "Urkedal, Frode Olav Olsen"]
[Black "Aizenberg, Benny"]
[Result "1-0"]
[WhiteElo "2559"]
[BlackElo "2423"]
[PlyCount "147"]
[EventDate "2024.10.06"]
[EventType "swiss"]
[EventRounds "9"]
[EventCountry "NOR"]
[SourceTitle "CB42_2024"]
[Source "ChessBase"]
[SourceDate "2024.10.16"]
[SourceVersion "1"]
[SourceVersionDate "2024.10.16"]
[SourceQuality "1"]

1. d4 Nf6 2. c4 g6 3. g3 c6 4. Nf3 Bg7 5. Bg2 0-0 6. 0-0 d5 7. Qa4 Nbd7 8. cxd5 Nb6 9. Qd1 cxd5 10. b3 Bf5 11. Nc3 Rc8 12. Bb2 Ne4 13. Rc1 Nxc3 14. Bxc3 Be4 15. Bh3 e6 16. Ne5 h5 17. Bb4 Re8 18. Qd2 Bf5 19. Bg2 Rxc1 20. Rxc1 Qb8 21. h3 f6 22. Nf3 g5 23. h4 g4 24. Ne1 Rc8 25. Rxc8+ Qxc8 26. Nd3 Bxd3 27. Qxd3 f5 28. Qe3 Kh7 29. Bf1 Bh6 30. Qe5 Bg7 31. Qd6 Qd7 32. Qb8 a6 33. e3 Nc8 34. a4 Bf6 35. Bc5 Be7 36. b4 Bd6 37. Qa8 Qc7 38. b5 axb5 39. axb5 b6 40. Bxd6 Nxd6 41. Qf8 Ne4 42. Bg2 Nd6 43. Kh2 Qd7 44. Bf1 Ne4 45. Kg2 Nd6 46. Bd3 Qc7 47. Qf6 Qd7 48. Qg5 Qe8 49. Qf6 Qd7 50. Qf8 Qc7 51. Kh2 Qd7 52. Kg1 Qc7 53. Kg2 Qd7 54. Be2 Qc7 55. Qf6 Qd7 56. Bd3 Ne4 57. Bxe4 fxe4 58. Qf8 Kg6 59. Qg8+ Qg7 60. Qxe6+ Qf6 61. Qg8+ Kh6 62. Qxd5 Qf3+ 63. Kg1 Qd1+ 64. Kh2 Qf1 65. Qg5+ Kh7 66. Qxh5+ Kg7 67. Qxg4+ Kh8 68. Qf5 Kg8 69. h5 Kg7 70. Qg6+ Kf8 71. Qf6+ Ke8 72. h6 Qd1 73. h7 Qh5+ 74. Qh4 1-0

[Event "Jerusalem op"]
[Site "Jerusalem"]
[Date "2024.09.25"]
[Round "8"]
[White "Sokolovsky, Yahli"]
[Black "Aizenberg, Benny"]
[Result "1-0"]
[WhiteElo "2532"]
[BlackElo "2417"]
[PlyCount "113"]
[EventDate "2024.09.24"]
[EventType "swiss (rapid)"]
[EventRounds "9"]
[EventCountry "ISR"]
[SourceTitle "EXT 2025"]
[Source "ChessBase"]
[SourceDate "2024.10.14"]
[SourceVersion "1"]
[SourceVersionDate "2024.10.14"]
[SourceQuality "1"]

1. e4 c5 2. Nf3 e6 3. d4 cxd4 4. Nxd4 Nf6 5. Nc3 Nc6 6. Nxc6 bxc6 7. e5 Nd5 8. Ne4 Bb7 9. Be2 c5 10. 0-0 Qc7 11. Nd6+ Bxd6 12. exd6 Qc6 13. f3 c4 14. Qd4 0-0 15. Bxc4 Rfc8 16. b3 Qxd6 17. Rd1 Qb6 18. Qxb6 Nxb6 19. Bd3 a5 20. Bd2 a4 21. c4 d5 22. c5 Nd7 23. b4 Ne5 24. Bb5 Bc6 25. Bxc6 Rxc6 26. Rac1 Nc4 27. Rxc4 dxc4 28. Be3 Rcc8 29. b5 Rab8 30. b6 Kf8 31. Rd6 c3 32. Rd1 Ke8 33. Kf2 c2 34. Rc1 Kd7 35. Rxc2 Kc6 36. Rc4 Ra8 37. Rb4 Rcb8 38. Ke2 a3 39. Kd3 f6 40. f4 Rb7 41. Kc3 Ra5 42. Re4 Kd5 43. Kb4 Rxc5 44. Bxc5 Kxe4 45. Kb5 e5 46. fxe5 fxe5 47. Bxa3 Kd5 48. Bc5 e4 49. a4 Rb8 50. Be3 Rc8 51. b7 Rb8 52. Kb6 Kc4 53. Kc7 Re8 54. b8Q Rxb8 55. Kxb8 Kb4 56. Kc7 Kxa4 57. Kd6 1-0

[Event "Jerusalem op"]
[Site "Jerusalem"]
[Date "2024.09.24"]
[Round "4"]
[White "Eliagov, Kafar"]
[Black "Aizenberg, Benny"]
[Result "1/2-1/2"]
[WhiteElo "2259"]
[BlackElo "2417"]
[PlyCount "200"]
[EventDate "2024.09.24"]
[EventType "swiss (rapid)"]
[EventRounds "9"]
[EventCountry "ISR"]
[SourceTitle "EXT 2025"]
[Source "ChessBase"]
[SourceDate "2024.10.14"]
[SourceVersion "1"]
[SourceVersionDate "2024.10.14"]
[SourceQuality "1"]

1. Nf3 c5 2. g3 d5 3. Bg2 g6 4. 0-0 Bg7 5. d3 Nf6 6. Nbd2 0-0 7. e4 Nc6 8. exd5 Nxd5 9. Nc4 b6 10. Re1 Bb7 11. a4 Qc7 12. c3 Rad8 13. Qc2 a6 14. Bd2 b5 15. axb5 axb5 16. Ne3 Nb6 17. Rad1 Rd7 18. Bc1 Rfd8 19. h4 h5 20. Ng5 Ne5 21. d4 Bxg2 22. dxe5 Rxd1 23. Nxd1 Bc6 24. Bf4 e6 25. f3 Qb7 26. Kg2 c4 27. Nf2 Rd5 28. Rd1 Nd7 29. Rxd5 Bxd5 30. Qe2 Qa8 31. g4 hxg4 32. Nxg4 Qa1 33. Ne3 Bc6 34. Kg3 Nxe5 35. Ng2 Nd3 36. Nxe6 Bf6 37. Bg5 Be5+ 38. f4 fxe6 39. fxe5 Qg1 40. Be3 Qh1 41. Nf4 Qe4 42. Nxd3 cxd3 43. Qf2 Qxe5+ 44. Qf4 Qd5 45. Qb8+ Kf7 46. Qc7+ Bd7 47. Qf4+ Ke8 48. Qg5 Qxg5+ 49. hxg5 e5 50. Kf3 Bc6+ 51. Kf2 Kd7 52. Bd2 Be4 53. Ke3 Bf5 54. b3 Kd6 55. c4 bxc4 56. bxc4 Kc5 57. Bc3 e4 58. Bd2 Kxc4 59. Kf2 Kd4 60. Bf4 Kc3 61. Ke1 Bg4 62. Be3 Bf3 63. Bf4 Bh5 64. Be3 Kc4 65. Kd2 Kd5 66. Ke1 Bf3 67. Kf2 Kc4 68. Ke1 Kc3 69. Bf4 Kd4 70. Kf2 Bg4 71. Bd2 Bd7 72. Be3+ Kc3 73. Ke1 Ba4 74. Bf4 Kd4 75. Kf2 Bb3 76. Be3+ Ke5 77. Kg3 Ba4 78. Kf2 Ke6 79. Kg3 Kd5 80. Kf2 Bb5 81. Ke1 Ke6 82. Kf2 Kf5 83. Kg3 Ba4 84. Bd2 Ke5 85. Be3 Kd5 86. Kf2 Kc4 87. Ke1 Bb5 88. Bf4 Kd4 89. Kf2 Bc4 90. Bd2 Ke5 91. Be3 Kd5 92. Bd2 Kd4 93. Be3+ Kc3 94. Ke1 Be6 95. Bf4 d2+ 96. Bxd2+ Kd3 97. Ba5 Ke3 98. Bd8 Kf4 99. Bf6 Bc4 100. Bd8 Ke5 1/2-1/2

[Event "Bydgoszcz op"]
[Site "Bydgoszcz"]
[Date "2024.09.03"]
[Round "9"]
[White "Aizenberg, Benny"]
[Black "Janeczko, Jakub"]
[Result "1-0"]
[WhiteElo "2422"]
[BlackElo "2259"]
[PlyCount "59"]
[EventDate "2024.08.26"]
[EventType "swiss"]
[EventRounds "9"]
[EventCountry "POL"]
[SourceTitle "EXT 2025"]
[Source "ChessBase"]
[SourceDate "2024.10.14"]
[SourceVersion "1"]
[SourceVersionDate "2024.10.14"]
[SourceQuality "1"]

1. e4 c5 2. Nf3 d6 3. d4 cxd4 4. Nxd4 Nf6 5. Nc3 a6 6. Bc4 e6 7. Bb3 b5 8. a3 Be7 9. g4 h6 10. Be3 Qa5 11. f3 Bd7 12. Qd2 Nc6 13. 0-0-0 Ne5 14. h4 Rc8 15. g5 Nh5 16. Rhg1 g6 17. f4 Nc4 18. Bxc4 Rxc4 19. f5 Rxc3 20. Qxc3 Qxc3 21. bxc3 gxf5 22. exf5 e5 23. Rde1 hxg5 24. hxg5 0-0 25. f6 Bd8 26. Ne2 Bc6 27. Ng3 Nxg3 28. Rxg3 Kh7 29. Rh3+ Kg6 30. Rf1 1-0

[Event "Bydgoszcz op"]
[Site "Bydgoszcz"]
[Date "2024.08.28"]
[Round "3"]
[White "Aizenberg, Benny"]
[Black "Zebracki, Tomasz"]
[Result "1-0"]
[WhiteElo "2422"]
[BlackElo "2225"]
[PlyCount "59"]
[EventDate "2024.08.26"]
[EventType "swiss"]
[EventRounds "9"]
[EventCountry "POL"]
[SourceTitle "EXT 2025"]
[Source "ChessBase"]
[SourceDate "2024.10.14"]
[SourceVersion "1"]
[SourceVersionDate "2024.10.14"]
[SourceQuality "1"]

1. e4 c6 2. d4 d5 3. Nc3 dxe4 4. Nxe4 Bf5 5. Ng3 Bg6 6. Nh3 e6 7. Nf4 Qc7 8. Bc4 Nf6 9. c3 Nbd7 10. 0-0 Bd6 11. Qf3 Nd5 12. Nxg6 hxg6 13. Bb3 Qd8 14. Re1 Qh4 15. h3 N7f6 16. c4 Ne7 17. d5 g5 18. dxe6 g4 19. exf7+ Kf8 20. Qd3 Bb4 21. Bd2 Bc5 22. Rxe7 Bxe7 23. Nf5 Qh7 24. Re1 gxh3 25. Rxe7 hxg2 26. Bh6 gxh6 27. Qd6 Qxf7 28. Rxf7+ Kxf7 29. Qe7+ Kg6 30. Bc2 1-0

[Event "Bydgoszcz op"]
[Site "Bydgoszcz"]
[Date "2024.08.27"]
[Round "2"]
[White "Przybylski, Bartosz1"]
[Black "Aizenberg, Benny"]
[Result "0-1"]
[WhiteElo "2118"]
[BlackElo "2422"]
[PlyCount "114"]
[EventDate "2024.08.26"]
[EventType "swiss"]
[EventRounds "9"]
[EventCountry "POL"]
[SourceTitle "EXT 2025"]
[Source "ChessBase"]
[SourceDate "2024.10.14"]
[SourceVersion "1"]
[SourceVersionDate "2024.10.14"]
[SourceQuality "1"]

1. e4 c5 2. Nf3 e6 3. d4 cxd4 4. Nxd4 Nf6 5. Nc3 Nc6 6. Nxc6 bxc6 7. e5 Nd5 8. Ne4 Bb7 9. Be2 c5 10. 0-0 Qc7 11. Nd6+ Bxd6 12. exd6 Qc6 13. f3 c4 14. Qd4 0-0 15. Bxc4 Rfc8 16. b3 Qxd6 17. Bb2 Qb6 18. Qxb6 Nxb6 19. Bd3 d5 20. a4 a5 21. Bd4 Nd7 22. Rfb1 Ba6 23. b4 Bxd3 24. cxd3 e5 25. Bf2 axb4 26. Rxb4 d4 27. f4 f6 28. fxe5 fxe5 29. Bg3 Ra5 30. Rb7 Nc5 31. Rc1 Re8 32. Rb5 Rxb5 33. axb5 Nxd3 34. Rd1 Nc5 35. b6 Nd7 36. b7 Rb8 37. Re1 d3 38. Rd1 Rxb7 39. Rxd3 Kf7 40. Rd6 Nf6 41. Rd1 Ke6 42. Re1 Rb5 43. h3 h5 44. Bh4 Nd5 45. Ra1 Kf5 46. Rf1+ Ke6 47. Ra1 e4 48. Ra7 g6 49. Rg7 Kf5 50. Rf7+ Ke5 51. Rg7 Rb6 52. Bg3+ Kd4 53. Rd7 e3 54. Kh2 Re6 55. Be1 Ke4 56. g4 hxg4 57. hxg4 Nf6 0-1

[Event "Bydgoszcz op"]
[Site "Bydgoszcz"]
[Date "2024.08.26"]
[Round "1"]
[White "Aizenberg, Benny"]
[Black "Domin, Yan"]
[Result "0-1"]
[WhiteElo "2422"]
[BlackElo "2148"]
[PlyCount "168"]
[EventDate "2024.08.26"]
[EventType "swiss"]
[EventRounds "9"]
[EventCountry "POL"]
[SourceTitle "EXT 2025"]
[Source "ChessBase"]
[SourceDate "2024.10.14"]
[SourceVersion "1"]
[SourceVersionDate "2024.10.14"]
[SourceQuality "1"]

1. e4 c5 2. Nf3 Nc6 3. Bb5 Nf6 4. Nc3 Qc7 5. 0-0 Nd4 6. Re1 e5 7. d3 Be7 8. Bg5 0-0 9. Bc4 d6 10. h3 Be6 11. Nd2 Qd7 12. a4 Ne8 13. Be3 Nc7 14. Nd5 Bxd5 15. exd5 Qd8 16. Ne4 Kh8 17. c3 Nf5 18. Bd2 Nh4 19. f4 f5 20. Nf2 Ng6 21. Qf3 Qd7 22. Bb3 b6 23. Re2 Rab8 24. Rae1 b5 25. a5 c4 26. dxc4 bxc4 27. Bxc4 Rxb2 28. Be3 Rxe2 29. Qxe2 Bh4 30. Rb1 exf4 31. Bxa7 f3 32. Qxf3 Qa4 33. Bf1 Ne5 34. Qe2 Qxa5 35. Bb6 Qxc3 36. Nd1 Qa3 37. Qe3 Qxe3+ 38. Nxe3 Ne8 39. Bd4 f4 40. Nd1 Bf6 41. Bb6 Nd7 42. Ba7 Be5 43. Bb5 Nef6 44. Bc6 Nc5 45. Bxc5 dxc5 46. Kf2 g5 47. Kf3 h5 48. Nf2 Kg7 49. Re1 Bd6 50. Re6 Rd8 51. Nd1 Bf8 52. Re5 Kg6 53. Nc3 g4+ 54. hxg4 hxg4+ 55. Ke2 Bd6 56. Re6 Kf5 57. Na4 Bf8 58. Nb6 Ne4 59. Bd7 Ng3+ 60. Kf2 Kg5 61. Bc6 Rb8 62. Bb5 c4 63. Re5+ Kh4 64. Nd7 Bc5+ 65. Nxc5 Rxb5 66. Na4 Ra5 67. Nc3 Ra3 68. Ne2 Nxe2 69. Rxe2 g3+ 70. Kf1 Kg4 71. Re8 Ra1+ 72. Ke2 Ra2+ 73. Kf1 Rf2+ 74. Ke1 c3 75. d6 Rxg2 76. d7 c2 77. Rc8 Rg1+ 78. Ke2 Rd1 79. Rg8+ Kh3 80. Kf3 Rd3+ 81. Ke2 c1N+ 82. Ke1 Rxd7 83. Rh8+ Kg2 84. Rh2+ Kxh2 0-1

[Event "EU-chT U18"]
[Site "Rhodes"]
[Date "2024.06.21"]
[Round "1.3"]
[White "Aizenberg, Benny"]
[Black "Kasipour Azbari, Seyed Arvin"]
[Result "1-0"]
[WhiteElo "2413"]
[BlackElo "2166"]
[PlyCount "77"]
[EventDate "2024.06.21"]
[EventType "team-swiss"]
[EventRounds "7"]
[EventCountry "GRE"]
[SourceTitle "CBM 220 Extra"]
[Source "ChessBase"]
[SourceDate "2024.07.31"]
[SourceVersion "1"]
[SourceVersionDate "2024.07.31"]
[SourceQuality "1"]
[WhiteTeam "Israel U18"]
[BlackTeam "Switzerland U18"]
[WhiteTeamCountry "ISR"]
[BlackTeamCountry "SUI"]

1. e4 c5 2. Nf3 d6 3. d4 cxd4 4. Nxd4 Nf6 5. Nc3 Nc6 6. Bg5 e6 7. Qd2 a6 8. 0-0-0 Bd7 9. Nxc6 Bxc6 10. f3 Be7 11. Kb1 0-0 12. h4 b5 13. Bd3 Qc7 14. g4 b4 15. Ne2 Rfc8 16. h5 h6 17. Bh4 Nh7 18. Bxe7 Qxe7 19. Qxb4 Ng5 20. Nd4 Qf6 21. Be2 Rab8 22. Qxd6 Bxe4 23. fxe4 Nxe4 24. Qa3 Nc3+ 25. Ka1 Nxd1 26. Rxd1 e5 27. Nb3 Rxc2 28. Qxa6 Qxa6 29. Bxa6 e4 30. Re1 Rg2 31. Be2 Kh7 32. Nc5 Rd8 33. b4 Rd2 34. Bc4 e3 35. b5 Rxg4 36. Bd3+ g6 37. Ne4 Rxe4 38. Bxe4 e2 39. Bf3 1-0

[Event "Budapest Spring op"]
[Site "Budapest"]
[Date "2024.05.30"]
[Round "8"]
[White "Dragnev, Valentin"]
[Black "Aizenberg, Benny"]
[Result "1-0"]
[WhiteElo "2566"]
[BlackElo "2403"]
[PlyCount "103"]
[EventDate "2024.05.20"]
[EventType "swiss"]
[EventRounds "9"]
[EventCountry "HUN"]
[SourceTitle "CBM 220 Extra"]
[Source "ChessBase"]
[SourceDate "2024.07.31"]
[SourceVersion "1"]
[SourceVersionDate "2024.07.31"]
[SourceQuality "1"]

1. e4 c5 2. Nf3 e6 3. a3 Nc6 4. Nc3 Nf6 5. d4 cxd4 6. Nxd4 Be7 7. Nxc6 bxc6 8. e5 Nd5 9. Qg4 g6 10. Qg3 Qb6 11. Ne4 f5 12. Nd6+ Bxd6 13. exd6 Ba6 14. c4 Nf6 15. Qc3 0-0 16. Bh6 Rf7 17. f3 c5 18. 0-0-0 Ne8 19. h4 Rb8 20. h5 Qb3 21. Qxb3 Rxb3 22. Bf4 gxh5 23. Rxh5 Rg7 24. Kc2 Rb6 25. Kc3 Rc6 26. Be5 Rg6 27. g4 Ng7 28. Rh4 Rc8 29. Bd3 Bb7 30. Rh3 Rf8 31. Rg1 h6 32. Kd2 a5 33. a4 Bc6 34. b3 Rb8 35. Kc2 Rf8 36. Kd2 Bb7 37. Bc3 Bc6 38. Rhg3 Rf7 39. Bxa5 h5 40. Bc3 h4 41. Rh3 Rg5 42. Be2 fxg4 43. Rxg4 Rxg4 44. fxg4 Rf2 45. Ke3 Rg2 46. Rxh4 Rg3+ 47. Kd2 e5 48. a5 Ne6 49. Bxe5 Rxb3 50. g5 Nd4 51. g6 Rb2+ 52. Kc1 1-0